01019nam a22002897a 4500001001300000003000900013005001700022007000300039008003400042040005400076041001000130072000800140090002100148100002300169110006600192245009600258260003400354300001100388500007200399650001100471650001600482650001500498909003600513942000700549999001700556952015600573BR2018001653BR-BrBNA20230928105325.0ta230509b bl.||||| |||| 00| 0 por d aBR-BrBNAbporcBiblioteca Nacional de Agricultura a(Por) aN20  N20 BR20180016531 aSantos, C.R.B. dos1 aUniversidade Federal de Lavras, MG (Brasil)0Tese (Doutorado)1 aSistema eletrônico para a predição de estabilidade estática de veiculos automotores3 aLavras, MG (Brasil): c2017.  a155 p. aSummaries (Eng, Por); Bibliography p. 147-152; 79 illus.; 28 tables aTRATOR aPERFORMANCE aRENDIMENTO a202309bLuciac55dLucia Elande cBK c84657d84657 002AGRIS40708AGROBASEa41918b41918l0o N20 BR2018001653pN20 BR2018001653r2023-09-25t01yBK10d2023-09-25ePortaria Interministerial nº 164/94